000 03262ngm a2200469 4500
003 dpl
005 20100303161211.0
007 ta
008 ||||||sp199 xxu|||||c ||| 00| 0 ng d
010 _aDVD-005843-5850 & DVD-006353
024 _aDHIF1698S, DHUIF1699
_c149.00
035 _aDVD-005843-5850
035 _aDVD-006353
040 _aDPL
_cDPL
082 _aDVD DELH
245 _aDelhi-6
_cUTV Motion Pictures Presents
_h[videorecording] DVD/
260 _bMoserbaer Entertainment
300 _a2 videodisc DVD;
_bsd., col. ;
_c4 3/4 in.
_fDVD
440 _aMoserbaer Home Entertainment
500 _aMoserbaer India Ltd. has obtained the necessary license/consent from the owner of the copyright in the works for making this DVD Film.
538 _aDolby Digital 5.1 - Hindi Subtitles: English
538 _aThis DVD can be played back on DVD Players, multimedia systems & PC with MPEG card interactive with version 2.0 players.
650 _aMotion Picture
700 _aMehra, Rakesh Om Prakash
700 _aScrewvala, Ronnie
700 _aRehmna, A.R.
700 _aJoshi, Prasoon
700 _aBachchan, Abishek
700 _aKapoor, Sonam
942 _cCF
_2ddc
_hDVD
_mDELH
999 _c34361
_d34361